000 01582nam a2200373 c 4500
003 BLK
005 20180420224924.0
008 180408b bul|||||r ||||||| ||bul||
010 _aKNG00090468000
020 _a978-954-730-511-3
_bиздат.: Висш адвокатски съвет - (Сиби)
040 _aBLK
041 _aBUL
_cBUL
_hENG
080 _aОсновни задачи на общественото управление
_b351
_x:347.96(497.2)(091)(094.9)
_z351:347.96(497.2)(091)(094.9)
139 _aБългарската адвокатура
_bБ 92
245 1 0 _aБългарската адвокатура
_bНормат. уредба
246 1 1 _aThe Bulgarian Bar : Normative Acts
257 _aBGR
260 София
_bВисш адвокатски съвет
_c2009
_fСофия : Сиби
300 _a160 с.
_c22 см
380 _a3
500 _aОфс. изд. - Изд. е във футляр с кн. Закон за адвокатите от 22 ноември 1888 г.
650 4 _aАдвокатура - България
_9267627
650 4 _aЗаконодателство - България - нормативни материали
_9301141
651 4 _aБългария
_9241624
653 _aадвокатура
653 _aнормативни документи
653 _aБългария
653 _aистория
852 _aЦб 244679
856 4 _qpdf
_u
856 4 _qpdf
_u
942 _cKNG
_n0
944 _aCR
_c08.07.2009
_lф /
_kЛюдмила_Стоянова
944 _aED
_c17.02.2015
_lф /
_kВиолета_Тройчева
999 _c85861
_d85861